ՀՀ Գիտությունների ազգային ակադեմիայի հիմնարար գիտական գրադարան  =   Fundamental Scientific Library of NAS RA

Симпозиум по химическим подходам к опознаванию материнских пород нефти / (Record no. 514015)

MARC details
000 -LEADER
fixed length control field 00726-am-a2200181-a-4500
001 - CONTROL NUMBER
control field YSU0158613
003 - CONTROL NUMBER IDENTIFIER
control field AM-YEHGA
005 - DATE AND TIME OF LATEST TRANSACTION
control field 20250617163846.0
008 - FIXED-LENGTH DATA ELEMENTS--GENERAL INFORMATION
fixed length control field 990113s1962 xxu 000 0 rus u
040 ## - CATALOGING SOURCE
Original cataloging agency AM-YeHGA
090 ## - LOCALLY ASSIGNED LC-TYPE CALL NUMBER (OCLC); LOCAL CALL NUMBER (RLIN)
-- 517537
245 10 - TITLE STATEMENT
Title Симпозиум по химическим подходам к опознаванию материнских пород нефти /
Statement of responsibility, etc. Пер. М.Ф. Двали и др. ; Ред. М.Ф. Двали
246 3# - VARYING FORM OF TITLE
Title proper/short title Simposium on the Chemical Approaches to the Recognition of Pftroleum Source Rocks
260 0# - PUBLICATION, DISTRIBUTION, ETC.
Place of publication, distribution, etc. Л. :
Name of publisher, distributor, etc. Гостехиздат. Ленингр. отд-ние ,
Date of publication, distribution, etc. 1962.
300 ## - PHYSICAL DESCRIPTION
Extent 82 с.
650 #4 - SUBJECT ADDED ENTRY--TOPICAL TERM
Topical term or geographic name entry element Геология
700 1# - ADDED ENTRY--PERSONAL NAME
Personal name Двали, М.Ф.
Relationship edt
Holdings
Withdrawn status Lost status Damaged status Not for loan Collection Home library Current library Date acquired Total checkouts Full call number Barcode Date last seen Price effective from Koha item type Public note
        General Fundamental Scientific Library Fundamental Scientific Library 25/08/2021   РII/59501 FL0656973 25/08/2021 25/08/2021 Գրքեր / Books 30 Days Loan


ՀՀ ԳԱԱ հիմնարար գիտական գրադարան
ՀՀ,Երևան 0019
Մարշալ Բաղրամյան 24/6
հեռախոս:(374-10) 52-47-50
Հետադարձ կապ

All site content, except where otherwise noted, is licensed under a
Creative Commons License